logo

Bir Sreshtho Munshi Abdur Rouf Library
Jhenaidah Cadet College

Densification : (Record no. 2022)

MARC details
000 -LEADER
fixed length control field 00913nam a2200277 a 4500
001 - CONTROL NUMBER
JCCL Control Number 2022
003 - CONTROL NUMBER IDENTIFIER
JCCL marc code BD-JhCC
005 - DATE AND TIME OF LATEST TRANSACTION
control field 20171028184738.0
008 - FIXED-LENGTH DATA ELEMENTS--GENERAL INFORMATION
fixed length control field 990624s1999 bg ab b a 001 0 eng
020 ## - INTERNATIONAL STANDARD BOOK NUMBER
International Standard Book Number 9840514563
035 ## - SYSTEM CONTROL NUMBER
system control number (BD-JhCC)2022
040 ## - CATALOGING SOURCE
Original cataloging agency DLC
Transcribing agency DLC
Modifying agency DLC
041 ## - LANGUAGE CODE
Language code of Book eng
082 00 - DEWEY DECIMAL CLASSIFICATION NUMBER
Classification number 363.34/938/095492
DDC Edition number 21
Author mark and Year MAM 1999
100 1# - MAIN ENTRY--PERSONAL NAME
Personal name Mamun, Muhammad Z.
245 10 - TITLE STATEMENT
Title Densification :
Remainder of title a strategic plan to mitigate riverbank erosion disaster in Bangladesh /
Statement of responsibility, etc Muhammad Z. Mamun, A.T.M. Nurul Amin.
260 ## - PUBLICATION, DISTRIBUTION, ETC. (IMPRINT)
Place of publication, distribution, etc Dhaka :
Name of publisher, distributor, etc University Press,
Date of publication, distribution, etc 1999.
300 ## - PHYSICAL DESCRIPTION
Pagination xxiii, 182 p. :
Other physical details ill., maps ;
Dimensions 22 cm.
504 ## - BIBLIOGRAPHY, ETC. NOTE
Bibliography, etc Includes bibliographical references (p. [169]-177) and index.
650 #0 - SUBJECT ADDED ENTRY--TOPICAL TERM
Topical term or geographic name as entry element Soil conservation
Geographic subdivision Bangladesh.
650 #0 - SUBJECT ADDED ENTRY--TOPICAL TERM
Topical term or geographic name as entry element Shore protection
Geographic subdivision Bangladesh.
650 #0 - SUBJECT ADDED ENTRY--TOPICAL TERM
Topical term or geographic name as entry element Regional planning
Geographic subdivision Bangladesh.
700 1# - ADDED ENTRY--PERSONAL NAME
Personal name Amin, A. T. M. Nurul.
942 ## - ADDED ENTRY ELEMENTS (KOHA)
Source of classification or shelving scheme Dewey Decimal Classification
Koha item type Books
Holdings
Source of classification or shelving scheme Damaged status Not for loan Home library Current library Shelving location Date of accession Cost, normal purchase price Total Checkouts Full call number Barcode Date last seen Copy number Koha item type
Dewey Decimal Classification     JCC Rouf Library JCC Rouf Library General Stacks 10/28/2017 400.00   363.34/938/095492 MAM 1999 3472 10/28/2017 C-1 Books
Dewey Decimal Classification     JCC Rouf Library JCC Rouf Library General Stacks 11/01/2017 400.00   363.34/938/095492 MAM 1999 3695 11/02/2017 C-2 Books

JCC Library | Contacts | JCC Home

Last Update on 23 September 2017
Copyright @ 2017-2020 JCC Rouf Library
Rouf Library, Jhenidah Cadet College (JCC), Bangladesh